ज्ञान की महिमा (Record no. 1235681)
[ view plain ]
| 000 -LEADER | |
|---|---|
| fixed length control field | 00723nam a2200229Ia 4500 |
| 005 - DATE AND TIME OF LATEST TRANSACTION | |
| control field | 20250108125108.0 |
| 008 - FIXED-LENGTH DATA ELEMENTS--GENERAL INFORMATION | |
| fixed length control field | 008 250107s9999 xx 000 0 hin d |
| 020 ## - INTERNATIONAL STANDARD BOOK NUMBER | |
| International Standard Book Number | 978-1-5275-2940-3 |
| 037 ## - SOURCE OF ACQUISITION | |
| Stock number | TB |
| 040 ## - CATALOGING SOURCE | |
| Original cataloging agency | CRL |
| Language of cataloging | hin |
| Transcribing agency | CRL |
| 041 ## - LANGUAGE CODE | |
| Language code of text/sound track or separate title | hin |
| Source of code | hin |
| 084 ## - COLON CLASSIFICATION NUMBER | |
| Classification number | Q R2 |
| 084 ## - COLON CLASSIFICATION NUMBER | |
| Assigning agency | CRL |
| 100 ## - MAIN ENTRY--PERSONAL NAME | |
| Personal name | कृष्णदेव, ‘अरविन्द’, ले. |
| 245 #0 - TITLE STATEMENT | |
| Title | ज्ञान की महिमा |
| Statement of responsibility, etc. | कृष्णदेव, ‘अरविन्द’, ले. |
| 260 ## - PUBLICATION, DISTRIBUTION, ETC. | |
| Place of publication, distribution, etc. | दिल्ली, भारत |
| Name of publisher, distributor, etc. | ज्ञान प्रेस |
| Date of publication, distribution, etc. | 3293 |
| 300 ## - PHYSICAL DESCRIPTION | |
| Extent | 253पृ0 |
| 365 ## - TRADE PRICE | |
| Price type code | INR |
| Price amount | 795 |
| 650 ## - SUBJECT ADDED ENTRY--TOPICAL TERM | |
| Topical term or geographic name entry element | धर्म |
| 942 ## - ADDED ENTRY ELEMENTS (KOHA) | |
| Koha item type | Textbook |
| Classification part | Q R2 |
| Withdrawn status | Lost status | Damaged status | Not for loan | Home library | Current library | Date acquired | Source of acquisition | Cost, normal purchase price | Total Checkouts | Full call number | Barcode | Date due | Date last seen | Date last checked out | Price effective from | Koha item type |
|---|---|---|---|---|---|---|---|---|---|---|---|---|---|---|---|---|
| Central Library | Arts Library | 2025-01-08 | Gift, 18/07/2024, | 795.00 | 2 | Q2:4 15R4 | CL1699305 | 2026-05-10 | 2026-04-10 | 2026-04-10 | 2025-01-08 | Textbook |
